[Event "European Individual Championship - Reyk"]
[Site "Reykjavik, Iceland"]
[Date "2021.08.28"]
[Round "3.17"]
[White "Basso, Pier Luigi"]
[Black "Donchenko, Alexander"]
[Result "1/2-1/2"]
[WhiteElo "2541"]
[BlackElo "2657"]
[PlyCount "119"]
[EventDate "2021.??.??"]

1. d4 {[%emt 0:03:36]} Nf6 {[%emt 0:00:07]} 2. c4 {[%emt 0:00:06]} e6 {[%emt 0:
00:07]} 3. Nf3 {[%emt 0:00:31]} d5 {[%emt 0:00:28]} 4. Nc3 {[%emt 0:00:12]} Bb4
{[%emt 0:00:52]} 5. cxd5 {[%emt 0:00:52]} exd5 {[%emt 0:00:07]} 6. Bg5 {
[%emt 0:00:13]} h6 {[%emt 0:00:17]} 7. Bh4 {[%emt 0:00:17]} Bf5 {[%emt 0:01:12]
} 8. Qa4+ {[%emt 0:00:01]} Nc6 {[%emt 0:00:07]} 9. e3 {[%emt 0:00:07]} O-O {
[%emt 0:00:49]} 10. Bb5 {[%emt 0:00:21]} g5 {[%emt 0:00:36]} 11. Bg3 {[%emt 0:
01:12]} Bxc3+ 12. bxc3 Ne7 13. Nd2 {[%emt 0:00:14]} Ng6 {[%emt 0:00:48]} 14. h3
{[%emt 0:03:31]} a6 {[%emt 0:08:16]} 15. Be2 {[%emt 0:00:47]} Re8 {[%emt 0:01:
17]} 16. O-O {[%emt 0:18:14]} h5 {[%emt 0:11:06]} 17. Qb3 {[%emt 0:07:45]} b5 {
[%emt 0:06:11]} 18. a4 {[%emt 0:00:10]} c6 {[%emt 0:00:21]} 19. Qb4 {[%emt 0:
03:09]} h4 {[%emt 0:14:08]} 20. Bh2 {[%emt 0:01:06]} g4 {[%emt 0:01:00]} 21.
hxg4 {[%emt 0:02:39]} Nxg4 {[%emt 0:02:49]} 22. Bxg4 {[%emt 0:02:43]} Bxg4 23.
axb5 {[%emt 0:06:44]} cxb5 {[%emt 0:04:10]} 24. f3 {[%emt 0:28:10]} Bf5 {
[%emt 0:02:18]} 25. e4 {[%emt 0:00:31]} dxe4 {[%emt 0:09:03]} 26. fxe4 {
[%emt 0:00:37]} Bxe4 {[%emt 0:00:44]} 27. Nxe4 {[%emt 0:00:07]} Rxe4 {[%emt 0:
00:07]} 28. Qc5 {[%emt 0:03:57]} Qd7 {[%emt 0:06:06]} 29. Qf5 {[%emt 0:05:15]}
Qxf5 {[%emt 0:06:36]} 30. Rxf5 {[%emt 0:00:36]} Rc8 {[%emt 0:04:05]} 31. Rxa6 {
[%emt 0:00:20]} Rxc3 {[%emt 0:00:21]} 32. Ra8+ {[%emt 0:00:46]} Kg7 {[%emt 0:
01:31]} 33. Ra7 {[%emt 0:02:22]} Rc1+ {[%emt 0:13:28]} 34. Kf2 {[%emt 0:00:44]}
Rxd4 {[%emt 0:00:42]} 35. Raxf7+ {[%emt 0:02:41]} Kh6 {[%emt 0:00:12]} 36. Bf4+
{[%emt 0:02:09]} Nxf4 {[%emt 0:00:12]} 37. Rxf4 {[%emt 0:00:04]} Rxf4+ {
[%emt 0:02:18]} 38. Rxf4 {[%emt 0:00:03]} Rc4 {[%emt 0:00:09]} 39. Rf5 {
[%emt 0:00:32]} b4 {[%emt 0:00:31]} 40. Rb5 {[%emt 0:02:57]} Rg4 {[%emt 0:05:
07]} 41. Kf3 {[%emt 0:12:01]} Rg3+ {[%emt 0:00:19]} 42. Kf4 {[%emt 0:01:14]} b3
{[%emt 0:01:22]} 43. Rb6+ {[%emt 0:01:18]} Kg7 {[%emt 0:03:12]} 44. Kf5 {
[%emt 0:04:01]} Kf7 {[%emt 0:01:28]} 45. Ke4 {[%emt 0:01:21]} Ke8 {[%emt 0:11:
22]} 46. Kd5 {[%emt 0:02:58]} Ke7 {[%emt 0:01:11]} 47. Kd4 {[%emt 0:00:36]} Kf7
{[%emt 0:02:31]} 48. Ke4 {[%emt 0:00:28]} Kg7 {[%emt 0:00:49]} 49. Kf5 {
[%emt 0:00:38]} Kf8 {[%emt 0:00:34]} 50. Ke5 {[%emt 0:00:31]} Ke7 {[%emt 0:10:
13]} 51. Kd4 {[%emt 0:00:08]} Rxg2 {[%emt 0:01:41]} 52. Rxb3 {[%emt 0:00:08]}
Kf6 {[%emt 0:00:38]} 53. Rb5 {[%emt 0:03:05]} Kg6 {[%emt 0:02:43]} 54. Ke3 {
[%emt 0:01:42]} h3 {[%emt 0:00:15]} 55. Kf3 {[%emt 0:00:34]} Rg1 {[%emt 0:00:
23]} 56. Rb6+ {[%emt 0:00:15]} Kh5 {[%emt 0:00:06]} 57. Rb5+ {[%emt 0:00:08]}
Rg5 {[%emt 0:00:23]} 58. Rxg5+ Kxg5 {[%emt 0:00:09]} 59. Kg3 {[%emt 0:00:04]}
h2 {[%emt 0:00:05]} 60. Kxh2 {[%emt 0:00:41]} 1/2-1/2

[Event "European Individual Championship - Reyk"]
[Site "Reykjavik, Iceland"]
[Date "2021.08.28"]
[Round "3.18"]
[White "Abasov, Nijat"]
[Black "Stefansson, Hannes"]
[Result "1/2-1/2"]
[WhiteElo "2656"]
[BlackElo "2519"]
[PlyCount "27"]
[EventDate "2021.??.??"]

1. e4 {[%emt 0:03:24]} e5 {[%emt 0:00:43]} 2. Nf3 Nc6 {[%emt 0:00:15]} 3. Bc4 {
[%emt 0:00:20]} Nf6 {[%emt 0:00:41]} 4. d3 {[%emt 0:00:30]} Bc5 {[%emt 0:01:06]
} 5. a4 {[%emt 0:00:37]} d6 {[%emt 0:06:06]} 6. c3 {[%emt 0:06:34]} a6 {
[%emt 0:02:26]} 7. Bg5 {[%emt 0:05:16]} h6 {[%emt 0:08:04]} 8. Bh4 {[%emt 0:00:
29]} g5 {[%emt 0:10:36]} 9. Bg3 {[%emt 0:01:03]} O-O {[%emt 0:04:29]} 10. O-O {
[%emt 0:04:24]} Ba7 {[%emt 0:03:39]} 11. Nbd2 {[%emt 0:05:38]} Nh7 {[%emt 0:02:
42]} 12. Kh1 {[%emt 0:05:12]} Kg7 {[%emt 0:10:16]} 13. d4 {[%emt 0:05:32]} h5 {
[%emt 0:14:53]} 14. h3 {[%emt 0:03:21]} 1/2-1/2

[Event "European Individual Championship - Reyk"]
[Site "Reykjavik, Iceland"]
[Date "2021.08.28"]
[Round "3.19"]
[White "Plat, Vojtech"]
[Black "Mamedov, Rauf"]
[Result "0-1"]
[WhiteElo "2531"]
[BlackElo "2654"]
[PlyCount "98"]
[EventDate "2021.??.??"]

1. d4 {[%emt 0:12:25]} Nf6 2. Nf3 c5 3. c4 cxd4 4. Nxd4 e5 5. Nb5 d5 6. cxd5
Bc5 7. e3 O-O 8. N5c3 Bf5 9. Be2 Nbd7 10. Nd2 Bb4 11. e4 Bxe4 12. Ncxe4 Nxe4
13. O-O Nd6 14. Nb3 Nc5 {[%emt 0:02:50]} 15. Be3 {[%emt 0:01:02]} Nxb3 {
[%emt 0:00:42]} 16. Qxb3 {[%emt 0:00:06]} Ba5 {[%emt 0:00:27]} 17. Rfc1 {
[%emt 0:05:24]} Bb6 {[%emt 0:03:43]} 18. Bxb6 {[%emt 0:00:20]} axb6 {[%emt 0:
05:00]} 19. Qc3 {[%emt 0:03:38]} Re8 {[%emt 0:12:27]} 20. a4 {[%emt 0:00:57]}
Ra5 {[%emt 0:05:43]} 21. Qd2 {[%emt 0:02:58]} e4 {[%emt 0:15:00]} 22. Bb5 {
[%emt 0:09:56]} Nxb5 {[%emt 0:05:49]} 23. axb5 {[%emt 0:00:34]} Rxa1 24. Rxa1 {
[%emt 0:00:05]} Qd6 {[%emt 0:00:02]} 25. Ra7 {[%emt 0:04:22]} h5 {[%emt 0:05:
01]} 26. Rxb7 {[%emt 0:09:16]} Re5 {[%emt 0:03:19]} 27. Qe3 {[%emt 0:00:51]}
Rxd5 {[%emt 0:02:30]} 28. g3 {[%emt 0:00:31]} Qe6 {[%emt 0:06:59]} 29. Qe2 {
[%emt 0:04:45]} h4 {[%emt 0:01:50]} 30. Rb8+ {[%emt 0:00:30]} Kh7 {[%emt 0:00:
04]} 31. Rxb6 {[%emt 0:00:32]} Qf5 {[%emt 0:00:28]} 32. Rc6 {[%emt 0:04:23]} h3
{[%emt 0:00:54]} 33. Rc1 {[%emt 0:03:20]} Rxb5 {[%emt 0:00:21]} 34. Re1 {
[%emt 0:01:39]} Rb4 {[%emt 0:01:11]} 35. Kf1 {[%emt 0:00:33]} g6 {[%emt 0:01:
15]} 36. Qd2 {[%emt 0:01:14]} Qb5+ {[%emt 0:00:47]} 37. Qe2 {[%emt 0:02:01]}
Qf5 {[%emt 0:00:52]} 38. Qd2 {[%emt 0:00:17]} Qb5+ {[%emt 0:00:43]} 39. Qe2 {
[%emt 0:00:03]} Qb7 {[%emt 0:01:35]} 40. Qe3 {[%emt 0:02:55]} Kg7 {[%emt 0:00:
29]} 41. g4 {[%emt 0:01:22]} Qa6+ {[%emt 0:03:56]} 42. Kg1 {[%emt 0:08:38]} Qd3
{[%emt 0:00:42]} 43. f3 {[%emt 0:07:18]} Rxb2 {[%emt 0:08:19]} 44. fxe4 {
[%emt 0:00:25]} Qc2 {[%emt 0:00:35]} 45. Qg3 {[%emt 0:00:19]} Qd2 {[%emt 0:01:
34]} 46. Qe5+ {[%emt 0:01:50]} Kh7 {[%emt 0:00:06]} 47. Qg3 {[%emt 0:00:11]}
Kg8 {[%emt 0:00:02]} 48. Kh1 {[%emt 0:04:13]} Rb3 {[%emt 0:01:15]} 49. Qg1 {
[%emt 0:00:04]} Qf4 {[%emt 0:00:43]} 0-1

[Event "European Individual Championship - Reyk"]
[Site "Reykjavik, Iceland"]
[Date "2021.08.28"]
[Round "3.20"]
[White "Saric, Ivan"]
[Black "Ferreira, Jorge Viterbo"]
[Result "1-0"]
[WhiteElo "2653"]
[BlackElo "2520"]
[PlyCount "125"]
[EventDate "2021.??.??"]

1. e4 {[%emt 0:00:10]} c5 2. Nf3 {[%emt 0:00:04]} e6 {[%emt 0:00:21]} 3. d4
cxd4 4. Nxd4 {[%emt 0:00:03]} Nc6 {[%emt 0:00:12]} 5. Nc3 {[%emt 0:00:06]} a6 {
[%emt 0:00:09]} 6. a3 {[%emt 0:05:19]} Qc7 {[%emt 0:02:43]} 7. Be3 {[%emt 0:00:
05]} b5 {[%emt 0:00:14]} 8. Nxc6 {[%emt 0:00:08]} Qxc6 {[%emt 0:01:06]} 9. Bd3
{[%emt 0:01:24]} Bb7 {[%emt 0:00:42]} 10. Qd2 {[%emt 0:01:39]} Rc8 {[%emt 0:25:
37]} 11. f3 {[%emt 0:01:01]} Bc5 {[%emt 0:04:00]} 12. Bxc5 {[%emt 0:10:59]}
Qxc5 {[%emt 0:00:09]} 13. O-O-O {[%emt 0:00:06]} Nf6 {[%emt 0:00:33]} 14. Rhe1
{[%emt 0:01:47]} d6 {[%emt 0:05:58]} 15. f4 {[%emt 0:08:38]} O-O {[%emt 0:08:
50]} 16. e5 {[%emt 0:01:03]} dxe5 {[%emt 0:01:46]} 17. fxe5 {[%emt 0:01:23]}
Ng4 {[%emt 0:03:50]} 18. Qf4 {[%emt 0:02:04]} Nf2 {[%emt 0:09:58]} 19. Bxh7+ {
[%emt 0:00:23]} Kxh7 {[%emt 0:00:08]} 20. Rd2 {[%emt 0:00:21]} f6 {[%emt 0:05:
00]} 21. Rxf2 {[%emt 0:05:14]} fxe5 {[%emt 0:00:11]} 22. Qh4+ {[%emt 0:00:03]}
Kg8 {[%emt 0:00:13]} 23. Rfe2 {[%emt 0:00:30]} Qc4 {[%emt 0:05:58]} 24. Qxc4 {
[%emt 0:04:12]} Rxc4 {[%emt 0:00:56]} 25. g3 {[%emt 0:00:44]} Rf6 {[%emt 0:01:
59]} 26. Rxe5 {[%emt 0:00:40]} Kf7 {[%emt 0:00:19]} 27. Nd1 {[%emt 0:05:22]}
Rd4 {[%emt 0:01:22]} 28. Rc5 {[%emt 0:01:49]} Kg6 {[%emt 0:09:58]} 29. Rc7 {
[%emt 0:03:09]} Re4 {[%emt 0:00:33]} 30. Kd2 {[%emt 0:02:35]} e5 {[%emt 0:03:
12]} 31. Rxe4 {[%emt 0:00:18]} Bxe4 {[%emt 0:00:06]} 32. Ke3 {[%emt 0:00:39]}
Bg2 {[%emt 0:06:35]} 33. Nf2 {[%emt 0:01:08]} e4 {[%emt 0:00:36]} 34. Re7 {
[%emt 0:04:16]} Rf3+ {[%emt 0:00:11]} 35. Ke2 {[%emt 0:00:04]} Kf6 {[%emt 0:00:
24]} 36. Re8 {[%emt 0:02:10]} Kf7 {[%emt 0:00:28]} 37. Re5 {[%emt 0:00:20]}
Bf1+ {[%emt 0:00:43]} 38. Ke1 {[%emt 0:00:10]} e3 {[%emt 0:00:26]} 39. Ng4 {
[%emt 0:01:26]} e2 {[%emt 0:01:55]} 40. Re3 {[%emt 0:01:19]} Rf5 {[%emt 0:00:
51]} 41. Rf3 {[%emt 0:02:03]} Rxf3 {[%emt 0:04:45]} 42. Ne5+ {[%emt 0:00:33]}
Ke6 {[%emt 0:00:23]} 43. Nxf3 {[%emt 0:00:05]} Kd5 {[%emt 0:00:12]} 44. Nd2 {
[%emt 0:00:37]} Bh3 {[%emt 0:00:17]} 45. Kxe2 {[%emt 0:00:05]} Bf5 {[%emt 0:00:
08]} 46. c3 {[%emt 0:00:05]} g5 {[%emt 0:00:09]} 47. h4 {[%emt 0:00:56]} gxh4 {
[%emt 0:00:44]} 48. gxh4 {[%emt 0:00:02]} Ke5 {[%emt 0:00:15]} 49. Ke3 {
[%emt 0:00:12]} Bg6 {[%emt 0:00:18]} 50. b3 {[%emt 0:02:17]} Bf7 {[%emt 0:00:
36]} 51. c4 {[%emt 0:00:59]} bxc4 {[%emt 0:00:07]} 52. bxc4 {[%emt 0:00:54]}
Bh5 {[%emt 0:00:10]} 53. Nf3+ {[%emt 0:01:09]} Kd6 {[%emt 0:00:10]} 54. Ke4 {
[%emt 0:01:19]} Kc5 {[%emt 0:00:29]} 55. Ne5 {[%emt 0:01:55]} Be2 {[%emt 0:01:
26]} 56. Ke3 {[%emt 0:00:11]} Bh5 {[%emt 0:00:07]} 57. Kd3 {[%emt 0:00:03]} Bd1
{[%emt 0:00:28]} 58. Kc3 {[%emt 0:00:06]} Be2 {[%emt 0:00:14]} 59. Nd3+ {
[%emt 0:00:05]} Kb6 {[%emt 0:00:06]} 60. Nf4 {[%emt 0:00:20]} Bg4 {[%emt 0:00:
10]} 61. h5 {[%emt 0:00:22]} Ka5 {[%emt 0:00:05]} 62. h6 {[%emt 0:00:09]} Bf5 {
[%emt 0:00:05]} 63. Nd5 {[%emt 0:00:18]} 1-0

[Event "European Individual Championship - Reyk"]
[Site "Reykjavik, Iceland"]
[Date "2021.08.28"]
[Round "3.21"]
[White "Deac, Bogdan-Daniel"]
[Black "Nagy, Gabor"]
[Result "0-1"]
[WhiteElo "2639"]
[BlackElo "2518"]
[PlyCount "56"]
[EventDate "2021.??.??"]

1. e4 c5 {[%emt 0:00:26]} 2. Nf3 e6 {[%emt 0:00:28]} 3. d4 cxd4 {[%emt 0:00:20]
} 4. Nxd4 {[%emt 0:00:27]} Nc6 5. Nc3 {[%emt 0:00:03]} a6 {[%emt 0:00:45]} 6.
Be3 {[%emt 0:02:17]} Nf6 {[%emt 0:02:14]} 7. a3 {[%emt 0:04:57]} d5 {[%emt 0:
04:16]} 8. exd5 {[%emt 0:00:59]} exd5 {[%emt 0:00:13]} 9. Qd2 {[%emt 0:13:00]}
Be7 {[%emt 0:02:06]} 10. O-O-O {[%emt 0:12:22]} O-O {[%emt 0:02:31]} 11. h3 {
[%emt 0:10:05]} Be6 {[%emt 0:11:27]} 12. g4 {[%emt 0:02:13]} Nxd4 {[%emt 0:04:
47]} 13. Bxd4 {[%emt 0:08:16]} b5 {[%emt 0:04:56]} 14. Bd3 {[%emt 0:10:31]} b4
{[%emt 0:02:01]} 15. axb4 {[%emt 0:00:46]} Bxb4 {[%emt 0:00:10]} 16. Qf4 {
[%emt 0:00:19]} Bd6 {[%emt 0:01:08]} 17. Be5 {[%emt 0:03:55]} Bxe5 {[%emt 0:00:
24]} 18. Qxe5 {[%emt 0:00:04]} Qb6 {[%emt 0:00:58]} 19. f4 {[%emt 0:04:51]}
Rab8 {[%emt 0:01:31]} 20. Ne2 {[%emt 0:06:38]} Ne4 {[%emt 0:00:51]} 21. Bxe4 {
[%emt 0:09:57]} dxe4 {[%emt 0:00:23]} 22. Rd2 {[%emt 0:00:28]} Rfe8 {[%emt 0:
04:01]} 23. Qc3 {[%emt 0:06:31]} e3 {[%emt 0:02:24]} 24. Rdd1 {[%emt 0:00:50]}
Rec8 {[%emt 0:01:47]} 25. Qa3 {[%emt 0:00:53]} Rc5 {[%emt 0:02:41]} 26. b4 {
[%emt 0:00:29]} a5 {[%emt 0:00:43]} 27. Rd4 {[%emt 0:00:24]} axb4 {[%emt 0:00:
55]} 28. Qxe3 {[%emt 0:00:01]} b3 {[%emt 0:01:08]} 0-1

[Event "European Individual Championship - Reyk"]
[Site "Reykjavik, Iceland"]
[Date "2021.08.28"]
[Round "3.22"]
[White "Petrov, Martin"]
[Black "Martirosyan, Haik M."]
[Result "1/2-1/2"]
[WhiteElo "2521"]
[BlackElo "2632"]
[PlyCount "42"]
[EventDate "2021.??.??"]

1. e4 e5 {[%emt 0:00:25]} 2. Nf3 Nc6 3. Bc4 {[%emt 0:00:14]} Bc5 {[%emt 0:00:
09]} 4. O-O {[%emt 0:00:11]} d6 {[%emt 0:00:43]} 5. d3 {[%emt 0:00:34]} Nf6 {
[%emt 0:00:36]} 6. c3 h6 {[%emt 0:00:18]} 7. Re1 {[%emt 0:00:31]} O-O {[%emt 0:
00:26]} 8. Nbd2 {[%emt 0:00:06]} a5 {[%emt 0:00:30]} 9. Nf1 a4 {[%emt 0:01:04]}
10. h3 {[%emt 0:00:02]} Ra5 {[%emt 0:02:55]} 11. d4 {[%emt 0:01:14]} Bb6 {
[%emt 0:01:58]} 12. b4 axb3 {[%emt 0:01:01]} 13. Bxb3 {[%emt 0:00:04]} d5 {
[%emt 0:02:10]} 14. exd5 {[%emt 0:23:04]} Nxd5 {[%emt 0:00:06]} 15. dxe5 {
[%emt 0:03:42]} Nxc3 {[%emt 0:00:07]} 16. Qc2 {[%emt 0:00:38]} Nd5 {[%emt 0:01:
41]} 17. Bd2 {[%emt 0:09:57]} Rc5 {[%emt 0:00:46]} 18. Qe4 {[%emt 0:03:14]} Nc3
{[%emt 0:01:01]} 19. Qg6 {[%emt 0:08:14]} Nd5 {[%emt 0:01:14]} 20. Qe4 {
[%emt 0:00:09]} Nc3 {[%emt 0:00:51]} 21. Qg6 {[%emt 0:00:15]} Nd5 {[%emt 0:00:
50]} 1/2-1/2

[Event "European Individual Championship - Reyk"]
[Site "Reykjavik, Iceland"]
[Date "2021.08.28"]
[Round "3.23"]
[White "Paravyan, David"]
[Black "Kozak, Adam"]
[Result "1/2-1/2"]
[WhiteElo "2631"]
[BlackElo "2504"]
[PlyCount "71"]
[EventDate "2021.??.??"]

1. e4 {[%emt 0:09:42]} e5 2. Nf3 Nc6 3. Bc4 Nf6 4. d3 h6 5. Nc3 Bc5 6. O-O d6
7. Na4 Bb6 8. c3 Be6 9. Bxe6 fxe6 10. Nxb6 axb6 11. a4 O-O 12. b4 b5 13. Be3
bxa4 14. Rxa4 b5 15. Rxa8 Qxa8 16. Qb3 Re8 17. Qb2 Qb7 18. Qa2 d5 19. Ra1 dxe4
20. dxe4 Nxe4 21. Qa6 Qxa6 22. Rxa6 Nb8 23. Ra7 Nxc3 24. Rxc7 Nd5 25. Rc5 e4 {
[%emt 0:00:10]} 26. Nd4 {[%emt 0:00:13]} Na6 {[%emt 0:01:14]} 27. Rxb5 {
[%emt 0:00:05]} Naxb4 {[%emt 0:00:08]} 28. Bd2 {[%emt 0:01:47]} Nd3 {[%emt 0:
04:50]} 29. Nxe6 {[%emt 0:05:21]} Rxe6 {[%emt 0:03:36]} 30. Rxd5 {[%emt 0:00:
04]} Rb6 {[%emt 0:00:17]} 31. Kf1 {[%emt 0:03:37]} Rb2 {[%emt 0:00:29]} 32. Be3
{[%emt 0:02:20]} Rb1+ {[%emt 0:00:13]} 33. Ke2 {[%emt 0:00:04]} Rb2+ {[%emt 0:
00:56]} 34. Kf1 {[%emt 0:00:04]} Rb1+ {[%emt 0:00:10]} 35. Ke2 {[%emt 0:00:03]}
Rb2+ {[%emt 0:00:04]} 36. Kf1 {[%emt 0:00:09]} 1/2-1/2

[Event "European Individual Championship - Reyk"]
[Site "Reykjavik, Iceland"]
[Date "2021.08.28"]
[Round "3.24"]
[White "Yilmaz, Mustafa"]
[Black "Budisavljevic, Luka"]
[Result "1-0"]
[WhiteElo "2630"]
[BlackElo "2495"]
[PlyCount "147"]
[EventDate "2021.??.??"]

1. d4 d5 {[%emt 0:00:25]} 2. c4 {[%emt 0:00:02]} e6 {[%emt 0:00:05]} 3. Nf3 {
[%emt 0:00:16]} Nf6 {[%emt 0:00:23]} 4. Nc3 {[%emt 0:01:11]} c5 {[%emt 0:00:10]
} 5. e3 {[%emt 0:01:36]} a6 {[%emt 0:00:51]} 6. cxd5 {[%emt 0:02:39]} exd5 {
[%emt 0:00:07]} 7. Be2 {[%emt 0:01:00]} Nc6 {[%emt 0:00:11]} 8. O-O {[%emt 0:
01:00]} cxd4 {[%emt 0:02:02]} 9. exd4 {[%emt 0:04:07]} Be7 {[%emt 0:08:23]} 10.
Bg5 {[%emt 0:08:42]} O-O {[%emt 0:05:01]} 11. Ne5 {[%emt 0:02:13]} Bf5 {
[%emt 0:09:16]} 12. Nxc6 {[%emt 0:05:03]} bxc6 {[%emt 0:00:06]} 13. Rc1 {
[%emt 0:00:28]} h6 {[%emt 0:04:29]} 14. Bh4 {[%emt 0:08:45]} Qa5 {[%emt 0:05:
09]} 15. Bd3 {[%emt 0:07:27]} Bxd3 {[%emt 0:06:44]} 16. Qxd3 {[%emt 0:00:04]}
Bd8 {[%emt 0:20:24]} 17. b3 {[%emt 0:02:45]} Ne4 {[%emt 0:11:32]} 18. Bxd8 {
[%emt 0:05:44]} Rfxd8 {[%emt 0:02:50]} 19. Na4 {[%emt 0:02:44]} Rd6 {[%emt 0:
01:31]} 20. Rfe1 {[%emt 0:03:02]} Qb5 {[%emt 0:00:58]} 21. Re3 {[%emt 0:03:50]}
Rg6 {[%emt 0:01:34]} 22. Nc5 {[%emt 0:10:17]} Nxc5 {[%emt 0:02:14]} 23. Rxc5 {
[%emt 0:00:40]} Qxd3 {[%emt 0:00:28]} 24. Rxd3 {[%emt 0:00:06]} a5 {[%emt 0:01:
44]} 25. h3 {[%emt 0:06:56]} Re6 {[%emt 0:00:47]} 26. Re3 {[%emt 0:00:44]} Rxe3
{[%emt 0:02:37]} 27. fxe3 Ra6 {[%emt 0:00:07]} 28. Kf2 {[%emt 0:03:24]} Kf8 {
[%emt 0:00:09]} 29. Kf3 {[%emt 0:00:38]} Ke7 {[%emt 0:00:21]} 30. g4 {[%emt 0:
01:24]} Kd6 {[%emt 0:00:20]} 31. h4 {[%emt 0:00:15]} Ra7 {[%emt 0:06:47]} 32.
Kf4 {[%emt 0:00:42]} Ra8 {[%emt 0:00:37]} 33. h5 {[%emt 0:04:26]} Ra7 {[%emt 0:
02:36]} 34. e4 {[%emt 0:00:36]} dxe4 {[%emt 0:00:58]} 35. Kxe4 {[%emt 0:00:03]}
g6 {[%emt 0:07:25]} 36. g5 {[%emt 0:03:36]} hxg5 {[%emt 0:04:14]} 37. Rxg5 {
[%emt 0:01:23]} gxh5 {[%emt 0:00:08]} 38. Rxh5 {[%emt 0:00:02]} Kc7 {[%emt 0:
00:27]} 39. Rh6 {[%emt 0:01:13]} Rb7 {[%emt 0:00:53]} 40. Rf6 {[%emt 0:00:29]}
Rb5 {[%emt 0:00:39]} 41. Rxf7+ {[%emt 0:01:22]} Kb6 {[%emt 0:00:23]} 42. Rf5 {
[%emt 0:03:08]} Rb4 {[%emt 0:03:54]} 43. Rc5 {[%emt 0:03:41]} a4 {[%emt 0:02:
05]} 44. Rc4 {[%emt 0:00:40]} Rb5 {[%emt 0:00:07]} 45. Rxa4 {[%emt 0:00:09]}
Rh5 {[%emt 0:00:03]} 46. Rb4+ {[%emt 0:03:33]} Ka7 {[%emt 0:00:50]} 47. Kd3 {
[%emt 0:01:41]} Rh1 {[%emt 0:00:20]} 48. Rc4 {[%emt 0:00:59]} Kb6 {[%emt 0:00:
10]} 49. a4 {[%emt 0:01:28]} Rh3+ {[%emt 0:01:33]} 50. Kc2 {[%emt 0:00:10]}
Rh2+ {[%emt 0:00:10]} 51. Kc3 {[%emt 0:00:23]} Ra2 {[%emt 0:01:08]} 52. Rc5 {
[%emt 0:00:53]} Ra1 {[%emt 0:00:34]} 53. Rh5 {[%emt 0:00:20]} Rc1+ {[%emt 0:00:
39]} 54. Kd2 {[%emt 0:00:07]} Ra1 {[%emt 0:00:53]} 55. d5 {[%emt 0:03:10]} cxd5
{[%emt 0:00:42]} 56. Rxd5 {[%emt 0:00:06]} Rh1 {[%emt 0:00:04]} 57. Kc3 {
[%emt 0:00:07]} Rh4 {[%emt 0:00:15]} 58. Rd4 {[%emt 0:00:16]} Rh6 {[%emt 0:00:
13]} 59. Kb4 {[%emt 0:00:12]} Rg6 {[%emt 0:00:12]} 60. a5+ {[%emt 0:00:42]} Ka6
{[%emt 0:00:03]} 61. Ka4 {[%emt 0:00:24]} Rh6 {[%emt 0:00:42]} 62. b4 {[%emt 0:
00:17]} Rh5 {[%emt 0:00:12]} 63. b5+ {[%emt 0:01:28]} Kb7 {[%emt 0:00:06]} 64.
a6+ {[%emt 0:00:35]} Kc7 {[%emt 0:00:09]} 65. Ka5 {[%emt 0:00:49]} Kb8 {
[%emt 0:00:11]} 66. Kb6 {[%emt 0:01:25]} Rh6+ {[%emt 0:00:06]} 67. Kc5 {
[%emt 0:00:05]} Rh8 {[%emt 0:00:30]} 68. b6 {[%emt 0:00:14]} Ka8 {[%emt 0:00:
16]} 69. Rd6 {[%emt 0:01:11]} Kb8 {[%emt 0:01:09]} 70. Re6 {[%emt 0:00:56]} Rg8
{[%emt 0:00:21]} 71. Rf6 {[%emt 0:00:56]} Rh8 {[%emt 0:00:23]} 72. Kd6 {
[%emt 0:00:21]} Re8 {[%emt 0:00:50]} 73. Kd7 {[%emt 0:00:13]} Rc8 {[%emt 0:00:
21]} 74. Ke7 {[%emt 0:00:06]} 1-0

[Event "European Individual Championship - Reyk"]
[Site "Reykjavik, Iceland"]
[Date "2021.08.28"]
[Round "3.26"]
[White "Steingrimsson, Hedinn"]
[Black "Ter-Sahakyan, Samvel"]
[Result "1/2-1/2"]
[WhiteElo "2519"]
[BlackElo "2624"]
[PlyCount "100"]
[EventDate "2021.??.??"]

1. d4 {[%emt 0:01:54]} Nf6 2. c4 e6 3. Nf3 d5 4. Nc3 dxc4 5. e4 b5 6. e5 Nd5 7.
Nxb5 Nb6 8. Be2 Nc6 9. O-O Be7 10. Be3 O-O 11. Qc1 Rb8 12. Rd1 Nb4 13. Nc3 Bb7
14. Nd2 Qd7 15. Nde4 Qc6 16. Bf3 N6d5 17. Bg5 Qe8 18. Bxe7 Qxe7 19. Na4 Nb6 20.
Nac5 Bd5 21. a3 {[%emt 0:06:26]} Nc6 {[%emt 0:00:56]} 22. Qc3 {[%emt 0:03:09]}
Rfd8 {[%emt 0:01:15]} 23. Be2 {[%emt 0:09:01]} h6 {[%emt 0:02:27]} 24. Rd2 {
[%emt 0:00:23]} Bxe4 {[%emt 0:03:56]} 25. Nxe4 Nd5 26. Qc2 {[%emt 0:03:56]} Nf4
{[%emt 0:00:22]} 27. Bf1 {[%emt 0:00:44]} Rxd4 {[%emt 0:00:59]} 28. Rxd4 {
[%emt 0:00:38]} Nxd4 {[%emt 0:00:04]} 29. Qxc4 {[%emt 0:00:02]} Rd8 {[%emt 0:
00:46]} 30. Re1 {[%emt 0:04:54]} Rd5 {[%emt 0:02:43]} 31. Kh1 {[%emt 0:00:38]}
c5 {[%emt 0:01:19]} 32. Nc3 {[%emt 0:01:28]} Rd8 {[%emt 0:00:08]} 33. Re4 {
[%emt 0:02:08]} Nd5 {[%emt 0:00:59]} 34. Re1 {[%emt 0:00:43]} Nb6 {[%emt 0:00:
59]} 35. Qd3 {[%emt 0:00:19]} Qg5 {[%emt 0:01:27]} 36. Kg1 {[%emt 0:01:50]} Nd5
{[%emt 0:00:59]} 37. g3 {[%emt 0:01:16]} Nc6 {[%emt 0:01:06]} 38. h4 {[%emt 0:
00:55]} Qg4 {[%emt 0:00:33]} 39. Bg2 {[%emt 0:01:10]} c4 {[%emt 0:00:32]} 40.
Qd2 {[%emt 0:01:05]} Nxc3 {[%emt 0:00:29]} 41. Qxc3 {[%emt 0:00:03]} Rd3 {
[%emt 0:01:37]} 42. Qc2 {[%emt 0:03:28]} Nd4 {[%emt 0:10:03]} 43. Qa4 {[%emt 0:
00:03]} g6 {[%emt 0:06:41]} 44. Qxa7 {[%emt 0:00:51]} Kg7 {[%emt 0:02:03]} 45.
Qb7 {[%emt 0:16:04]} Rd1 {[%emt 0:05:26]} 46. Rxd1 {[%emt 0:01:06]} Qxd1+ {
[%emt 0:00:04]} 47. Kh2 {[%emt 0:00:04]} Qc2 {[%emt 0:01:31]} 48. Kg1 {[%emt 0:
04:19]} Qd1+ {[%emt 0:00:20]} 49. Kh2 Qc2 {[%emt 0:00:05]} 50. Kg1 {[%emt 0:00:
35]} Qd1+ {[%emt 0:02:30]} 1/2-1/2